| 000 | 00798nam a22001697a 4500 | ||
|---|---|---|---|
| 010 | _aHN1502 HIN-127745 | ||
| 020 |
_a9789384722562 _c100.00 |
||
| 035 | _aHN-100091 | ||
| 037 | _bसमीक्षा प्रकाशन | ||
| 082 | _aउ | ||
| 100 |
_a'रुद्राक्ष', ब्रजनन्दन सिंह _967023 |
||
| 245 |
_aमलंग की छाया में/ _cब्रजनन्दन सिंह 'रुद्राक्ष' |
||
| 260 |
_aदिल्ली _bसमीक्षा प्रकाशन _c2015 |
||
| 270 |
_aआर-27,रीता ब्लॉक विकास मार्ग,शकरपुर, _bदिल्ली _e110092 |
||
| 300 |
_a87पृ. _c22सेमी(सजिल्द) |
||
| 942 |
_2ddc _cHN _hउ _mब्रजन |
||
| 999 |
_c163569 _d163569 |
||